00653nam a2200169 a 450000100100000000500170001000800410002704000250006808200150009310000270010824500870013526000380022230000210026050400720028195201130035399900170046600002599520200930024220.0110225s1974 dr 000 0 spa d aDO-SdBNPbspacBNPHU axxxxbA7951 aArvelo, Alejandro914713aEl pensamiento filosófico de Juan Isidro Jimenez Grullón. /cAlejandro Arvelo. a[Santo Domingo :bs. n.,c19--.]. a443 p. ;c29 cm. aIncluye referencias bibliográficas y notas al pie de la páginas 0010718PDaPDbPDcCTd2011-02-25iLF1l0oxxxx A795p25995-10r2020-06-25w2020-06-25yLFPDZNo se presta c25487d25487